000 00543nam a22001697a 4500
005 20251108164906.0
008 250721s1983 xx 000 0 ara d
082 1 4 _a646.2/زين
100 1 _aالدباغ، زينب
245 1 0 _aدراسات في الماكينات و أسس تنفيذ الملابس /
264 1 _aجده :
_bدار البيان العربي للنشر و التوزيع،
_c1983.
300 _a239ص : إيض
650 1 7 _aالخياطة
700 1 _aعابدين، علية
942 _2ddc
_cBK
999 _c16832
_d16832